000 00869nam a2200229Ii 4500
003 JO-AjNU
008 230605s9999||||xx |||||||||||||| ||und||
017 _a13568/2013
020 _a978-977-04-7347-4
040 _aJO-AjNU
_bara
_erda
_cJO-AjNU
041 _aara
050 1 4 _aK3830.2014
100 3 _aالخيزران، زياد فيصل حبيب,
_eauthor
_964427
245 0 0 _aالمزايا والضمانات التشريعية للاستثمار الاجنبي في قوانين الاستثمار العربية: دراسة تحليلية مقارنة
250 _aط1
264 3 1 _aالقاهرة: دار النهضة العربية، 2014
300 _a444ص
336 _atext
_btxt
_2rdacontent
337 _aunmediated
_bn
_2rdamedia
338 _avolume
_bnc
_2rdacarrier
650 4 _aالاستثمارات الاجنبية-قوانين
_964428
999 _aA29361
_c32929
_d32929